000 00371cam a22001337a 4500
008 180718b1978 xxu||||| |||| 00| 0 eng d
020 _a0 08 021844 x
082 _aJ7 T846 K819
245 _aDuccio turn (1926-1976)
_cedited by O.H. Koenigsberger And S. Groak
260 _aOxford
_bPergamon
_c1978
300 _avi, 204p
650 _aCity Planning
700 _aGroak, S.
999 _c409493
_d409493